History by Images - 'J' - Statistics

General Stats
  • This quiz has been taken 90 times
  • The average score is 9 of 16
Answer Stats
Picture Hint Answer % Correct
A patron saint of France Joan of Arc
96%
35th US President John F. Kennedy
95%
A Roman political genius Julius Caesar
77%
First version released in 1996 Java
72%
Seriously injured Henry VIII Jousting
72%
An English Novelist Jane Austen
71%
Former Byzantine Emperor Justinian
69%
1607 English settlement in Virginia Jamestown
64%
A part of pentathlon in ancient Olympics Javelin Throw
50%
Batavia Jakarta
47%
A WW1 Naval Battle Jutland
45%
Former UK Prime Minister John Major
42%
A kingdom between 1099 and 1187 Jerusalem
40%
Founded in 1886 after a gold rush Johannesburg
33%
A WW2 Normandy beach Juno Beach
26%
One of the few 'living forts' Jaisalmer
3%
No matching quizzes found
Score Distribution
Percent of People with Each Score
Percentile by Number Answered
Your Score History
You have not taken this quiz